000
00259nam a2200097Ia 4500
008
240331s9999 xx 000 0 und d
082
_b
AGR
100
_a
Argenti-pillen,A
245
0
_a
Maskin terror :
_b
how women contain violence in southern Sri Lanka
942
_c
L
999
_c
4558
_d
4558